000 01191nam a2200361 i 4500
001 198345
003 ES-MaACL
005 20260521165351.0
007 ta
008 260521s1971 sp ||||| |||| 001 0bspa d
017 _aM 10389-1971
_bOficina Depósito Legal Madrid
040 _aES-MaACL
_bspa
_cES-MaACL
_erda
080 _a929 Napoleón
100 1 _aMerezhkovsky, Dmitry Sergeyevich
_4aut
_980486
_eaut
245 1 0 _aVida de Napoleón :
_b(1769-1821) /
_cDimitri Merejkovsky ; traducción del francés por José María Quiroga Plá
250 _aDécima edición
264 1 _aMadrid :
_bEspasa-Calpe,
_c1971
264 4 _c©1938
300 _a226 páginas ;
_c18 cm
336 _2rdacontent
_aTexto
337 _2rdamedia
_asin mediación
338 _2rdacarrier
_avolumen
490 0 _aColección Austral ;
_v30
500 _aRegistro provisional
500 _aÍndices
600 0 4 _aNapoleón
_bI
_c, Emperador de Francia
_984910
700 1 _aQuiroga Plá, José María,
_d1902-1955
_4trl
_994784
_etrl
852 _aES-MaACL
_cDES
_jDB-189
_hDonación: J. Porto
_xEncuadernación rústica
942 _cMONOGRAFIA
_n0
999 _c198345
_d198345